| 000 | 00429nam a22001457a 4500 | ||
|---|---|---|---|
| 082 | _a P-557 | ||
| 100 |
_aArshad Ali _947625 |
||
| 245 |
_aSafety evaluation of building construction projects of military engineer services (MES) _cArshad Ali, Muhammad Saqlain |
||
| 260 |
_aMCE _c2014 |
||
| 300 | _a71 p. | ||
| 526 |
_a0 _b0 _c0 _dP_557 |
||
| 650 | _aProject | ||
| 700 |
_aLecturer Shahnila Gul Channa _947626 |
||
| 942 |
_2ddc _cBK |
||
| 999 |
_c550810 _d550810 |
||